000 01457 a2200229 4500
001 44548
005 20260407155722.0
008 260407a2017 arg spa d
003 AR-UNSa-BCEJYS
040 _aAR-UNSa-BCEJYS
_bspa
_cAR-UNSa-BCEJYS
080 _a336.226.1
_xImpuestos a las ganancias o los beneficios (Impuesto Diferido)
245 1 0 _aImpuesto a las ganancias
_paspectos relevantes para abogados
020 _a978-987-3953-94-1
264 1 _aBuenos Aires :
_bErreius
_c2017
300 _a119 p.
_c26 cm.
505 _a1. Las deducciones personales en el impuesto a las ganancias / Daniel G. Pérez - 2. Derivaciones en el impuesto a las ganancias de las relaciones del trabajo / Marcela A. Fiocco - 3. El impuesto a las ganancias en las relaciones familiares: sociedad conyugal, ganancias de los menores de edad / Sergio A. Simesen de Bielke - 4. Gastos deducibles en el impuesto a las ganancias por los profesionales independientes / Hermosinda Egüez - 5. Hoja de ruta en la liquidación del impuesto a las ganancias / Iván Sasovsky - 6. Impuesto a las ganancias en las jurisprudencia de la Cámara Federal de la Seguridad Social y la Corte Suprema de Justicia de la Nación / Alejandra A. Der Jachadurian -
041 _aspa
942 _cBK
590 _aniveau_biblio:m niveau_hierar:0
100 1 _aPérez, Daniel Guillermo
856 4 1 _uhttps://www.biblioeco.unsa.edu.ar/pmb/images/libros/E00067.jpg
_yImagen de portada
_qimage/jpeg
999 _c3795
_d3795